| 000 | 00648cam a2200217 a 4500 | ||
|---|---|---|---|
| 999 |
_c6646 _d6646 |
||
| 001 | 5016 | ||
| 003 | BD-DhUAP | ||
| 005 | 20210105103005.0 | ||
| 008 | 200301s1995 enkabf b f000 0 eng | ||
| 020 | _a0582018188 | ||
| 040 |
_aBD-DhUAP _cBD-DhUAP _dBD-DhUAP _bEng |
||
| 082 |
_a428.6 STE _223 |
||
| 100 | _aStevenson, Robert Louis. | ||
| 245 |
_aDr Jekll and Mr Hyde / _cRobert Louis Stevenson. |
||
| 260 |
_aHarlow : _bLongman, _cc1991 [1995]. |
||
| 300 |
_a57 pages : _billustrations ; _c21 cm. |
||
| 490 | _aLongman classics. | ||
| 650 | _aReaders for new literates. | ||
| 942 |
_2ddc _cBK |
||